| 000 | 00807nam a2200205 a 4500 | ||
|---|---|---|---|
| 005 | 20140310183548.0 | ||
| 008 | 110926s19uu xx 00 eng d | ||
| 020 | _a9780736060554 | ||
| 050 |
_aGV 364 _b.C37 2008 |
||
| 100 | _aCastelli, Darla M. | ||
| 245 |
_aPhysical education technology playbook / _cDarla M. Castelli. |
||
| 260 |
_aChampaign, IL : _bHuman Kinetics, _c2008. |
||
| 300 |
_a118 p. : _bill. ; _c28 cm. |
||
| 500 | _aIncludes free companion Website with modules, lesson plans, and handouts. Includes bibliographical references. | ||
| 650 |
_aPhysical education and training - _xData processing. |
||
| 650 |
_aPhysical education - _xTraining. |
||
| 700 | _aFiorentino, Leah Holland | ||
| 942 |
_cBK _2lcc _kFOR |
||
| 999 |
_c24904 _d24904 |
||